|
|
|
|
| LEADER |
00000nam0a2200000 4500 |
| 001 |
322244 |
| 005 |
20231102003445.0 |
| 035 |
|
|
|a (RuTPU)RU\TPU\book\347800
|
| 090 |
|
|
|a 322244
|
| 100 |
|
|
|a 20160921d1979 km y0rusy50 ca
|
| 101 |
0 |
|
|a rus
|
| 102 |
|
|
|a RU
|
| 105 |
|
|
|a a z 001zy
|
| 200 |
1 |
|
|a Область на островах
|e краткий очерк истории, развития экономики и культуры, деятельности партийной организации Сахалинской области
|f П. А. Леонов, И. В. Панькин, И. Е. Белоусов
|
| 205 |
|
|
|a 3-е изд., перераб. и доп.
|
| 210 |
|
|
|a Москва
|c Мысль
|d 1979
|
| 215 |
|
|
|a 350 с.
|c ил.
|
| 320 |
|
|
|a Библиогр.: с. 341-347
|
| 606 |
1 |
|
|a Коммунистическое строительство
|x в СССР
|2 stltpush
|3 (RuTPU)RU\TPU\subj\14941
|9 41261
|
| 610 |
1 |
|
|a Сахалин
|
| 610 |
1 |
|
|a Сахалинская область
|
| 610 |
1 |
|
|a история
|
| 610 |
1 |
|
|a экономическое развитие
|
| 610 |
1 |
|
|a культура
|
| 610 |
1 |
|
|a партийная работа
|
| 610 |
1 |
|
|a партийные организации
|
| 610 |
1 |
|
|a природные богатства
|
| 610 |
1 |
|
|a сельское хозяйство
|
| 610 |
1 |
|
|a благосостояние
|
| 610 |
1 |
|
|a энергосистемы
|
| 610 |
1 |
|
|a нефтяная промышленность
|
| 686 |
|
|
|a У9(2)0
|2 rubbk
|
| 700 |
|
1 |
|a Леонов
|b П. А.
|g Павел Артемович
|
| 701 |
|
1 |
|a Панькин
|b И. В.
|g Иван Васильевич
|
| 701 |
|
1 |
|a Белоусов
|b И. Е.
|g Иван Емельянович
|
| 801 |
|
1 |
|a RU
|b 63413507
|c 20160921
|
| 801 |
|
2 |
|a RU
|b 63413507
|c 20200710
|g RCR
|
| 942 |
|
|
|c BK
|